Most Guessed Cities With Four Letters - Statistics

General Stats
  • This quiz has been taken 81 times
  • The average score is 10 of 20
Answer Stats
pop country city % Correct
9.95 mil South America Lima
97%
3.55 mil Europe Rome
87%
1.13 mil Europe Oslo
82%
533,000 Europe Bern
74%
3.37 mil Europe Kiev
68%
251,000 Oceania Suva
63%
820,000 Europe Riga
56%
6.55 mil Asia Xian
54%
2.08 mil Asia Doha
53%
1.68 mil Africa Lomé
51%
2.43 mil Asia Baku
44%
1.92 mil Europe Lyon
44%
2.93 mil South America Cali
37%
311,000 Europe Bonn
32%
372,000 Africa Juba
31%
670,000 Europe Nice
28%
1.54 mil Asia Kobe
26%
2.03 mil Asia Agra
21%
3.62 mil Africa Giza
13%
1.76 mil Asia Gaza
9%
No matching quizzes found
Score Distribution
Percent of People with Each Score
Percentile by Number Answered
Your Score History
You have not taken this quiz